<?xml version="1.0" encoding="UTF-8"?>
<collection xmlns="http://www.loc.gov/MARC21/slim">
 <record>
  <leader>00630nam a22001935a 4500</leader>
  <controlfield tag="001">EHU.bham024607</controlfield>
  <controlfield tag="008">130507s1965##################000#0#####d</controlfield>
  <controlfield tag="005">20230814081002.0</controlfield>
  <datafield tag="245" ind1="1" ind2="0">
   <subfield code="a">La situación de la clase obrera en Inglaterra /</subfield>
   <subfield code="c">Federico Engels.</subfield>
  </datafield>
  <datafield tag="260" ind1=" " ind2=" ">
   <subfield code="a">Buenos Aires :</subfield>
   <subfield code="b">Futuro,</subfield>
   <subfield code="c">1965</subfield>
  </datafield>
  <datafield tag="300" ind1=" " ind2=" ">
   <subfield code="a">287 p.</subfield>
  </datafield>
  <datafield tag="100" ind1="1" ind2=" ">
   <subfield code="a">Engels, Federico</subfield>
  </datafield>
  <datafield tag="082" ind1="3" ind2="2">
   <subfield code="a">323.33 En32</subfield>
  </datafield>
  <datafield tag="653" ind1=" " ind2=" ">
   <subfield code="a">Colección Lejarraga</subfield>
  </datafield>
  <datafield tag="653" ind1=" " ind2=" ">
   <subfield code="a">Clase obrera-evolución de la</subfield>
  </datafield>
  <datafield tag="653" ind1=" " ind2=" ">
   <subfield code="a">Clase obrera-formación de la</subfield>
  </datafield>
  <datafield tag="653" ind1=" " ind2=" ">
   <subfield code="a">Inglaterra-historia de</subfield>
  </datafield>
  <datafield tag="653" ind1=" " ind2=" ">
   <subfield code="a">Movimiento obrero</subfield>
  </datafield>
  <datafield tag="859" ind1=" " ind2=" ">
   <subfield code="a">AR-BHAM</subfield>
   <subfield code="b">BIB. HUMANIDADES - General</subfield>
   <subfield code="h">323.33</subfield>
   <subfield code="i">En32</subfield>
   <subfield code="p">387.02</subfield>
   <subfield code="t">Ej.1</subfield>
  </datafield>
 </record>
</collection>
